Regionálna typológia fariem fyzických osôb a potenciálne krátkodobé vývojové trendy rozvoja vidieka

Analýza sociálnych zmien v poľnohospodárstve. Regionálna typológia podielu agrárnej zamestnanosti podľa fariem. Dosahy integrácie a potenciálne vývojové smery. Vývoj zamestnanosti v agrárnom sektore v najbližšom období.

Salvato in:
Dettagli Bibliografici
Autore principale: Buchta, Stanislav
Natura: Capitolo di libro
Lingua:slovacco
Soggetti:
Tags: Aggiungi Tag
Nessun Tag, puoi essere il primo ad aggiungerne!!

MARC

LEADER 00000naa$a2200000$$$4500
001 0012647
005 20231018084639.9
041 0 |a slo 
044 |a SK 
245 1 0 |a Regionálna typológia fariem fyzických osôb a potenciálne krátkodobé vývojové trendy rozvoja vidieka  |c aut. Stanislav Buchta 
520 |a Analýza sociálnych zmien v poľnohospodárstve. Regionálna typológia podielu agrárnej zamestnanosti podľa fariem. Dosahy integrácie a potenciálne vývojové smery. Vývoj zamestnanosti v agrárnom sektore v najbližšom období. 
610 2 0 |a vidiek 
610 2 0 |a rozvoj hospodársky 
610 2 0 |a poľnohospodárstvo 
610 2 0 |a zamestnanosť 
610 2 0 |a štruktúra síl pracovných 
610 2 0 |a integrácia 
610 2 0 |a integrácia ekonomická medzinárodná 
610 2 0 |a Európska únia 
100 1 |a Buchta, Stanislav